Účet 012 – Aktivované náklady na vývoj bakalárska práca

Saved in:
Bibliographic Details
Main Author: Jesenská, Zuzana
Corporate Author: Fakulta hospodárskej informatiky EU. Katedra účtovníctva a audítorstva
Other Authors: Jančičková, Lea, 1996-
Format: Book
Language:Slovak
Published: Bratislava 2022
Tags: Add Tag
No Tags, Be the first to tag this record!

MARC

LEADER 00000nbm a2200000 4500
001 0286113
005 20230123145147.6
041 0 |a slo 
044 |a SK 
245 1 0 |a Účet 012 – Aktivované náklady na vývoj  |b bakalárska práca  |c Zuzana Jesenská ; školiteľ: Lea Jančičková 
264 1 |a Bratislava  |c 2022 
300 |a 51 s. 
100 1 |a Jesenská, Zuzana 
700 1 |a Jančičková, Lea, 1996- 
710 2 |a Fakulta hospodárskej informatiky EU. Katedra účtovníctva a audítorstva